Anl̀isis de derecho comparado de los r̤ganos de dictaminacin̤ en los congresos de diversos pas̕es del continente americano

Detalles Bibliográficos
Autor principal: Uribe Bent̕ez, Óscar
Formato: eBook
Lenguaje:español
Publicado: Ciudad de Mx̌ico: Cm̀ara de Diputados, 2007
Materias:
Acceso en línea:Acceso restringido

MARC

LEADER 00000nam a22000007a 4500
005 20170918235247.0
007 cr|||| ||||
008 170918s2007 mx |||||s||||f00||0 spa d
020 |a 1870-7262 
035 |a 20560 
040 |a vLex 
090 |c 6980  |d 6980 
100 1 |a Uribe Bent̕ez, Óscar 
245 1 0 |a Anl̀isis de derecho comparado de los r̤ganos de dictaminacin̤ en los congresos de diversos pas̕es del continente americano  |h [Recurso electrn̤ico] /  |c Óscar Uribe Bent̕ez 
256 |a Servicio en ln̕ea 
260 |a Ciudad de Mx̌ico:  |b Cm̀ara de Diputados,  |c 2007 
300 |a 1 recurso electrn̤ico (34 p.) 
500 |a En cuanto a su integracin̤, organizacin̤ y funcionamiento. 
506 1 |a Disponible solo en los productos indicados  |d vLex Global  |d vLex Global (Academic Edition, excluding Law Schools)  |d vLex Global (U.S. Academic Edition, Law Schools)  |d vLex Global (U.S. Academic Edition, excluding Law Schools)  |d vLex Global (Academic Edition, Law Schools) 
650 0 4 |a Derecho Constitucional  |z Mx̌ico 
650 0 4 |a Derecho Internacional  |z Mx̌ico 
740 0 |a vLex Libros (Servicio en ln̕ea) 
856 4 0 |u http://vlex.com/source/analisis-derecho-comparado-organos-dictaminacion-congresos-diversos-paises-continente-americano-20560  |z Acceso restringido 
942 |c BOOK 
999 0 |a Constitutional Law 
999 0 |a International Law